Statistics for Grammar table – Personal Pronouns – Spanish

Click here to take the quiz!

General Stats

  • This quiz has been taken 170 times
  • The average score is 48 of 81

Answer Stats

HintEnglishAnswer% Correct
1st personIyo
97%
2nd personyou (informal)
89%
me
85%
mi(s)
85%
3rd personheél
82%
82%
3rdsheella
81%
me
81%
2ndyou (formal)usted
80%
me
75%
1st personwenosotros
75%
nosotras
73%
te
73%
te
73%
ti
73%
tu(s)
73%
te
70%
2nd personyou allvosotros
69%
3rdthey (female)ellas
68%
vosotras
68%
3rd personthey (male/mixed)ellos
67%
mío(s), mía(s)
66%
2ndyou allustedes
65%
nos
64%
nos
63%
nos
63%
su(s)
60%
le
59%
su(s)
59%
él
58%
lo
58%
la
57%
le
57%
tuyo(s), tuya(s)
57%
ella
56%
nosotros
56%
nuestro(s), nuestra(s)
55%
se
55%
le
54%
le, lo, la
54%
les
54%
se
54%
se
54%
usted
54%
las
53%
les
53%
los
53%
nosotras
53%
nuestro(s), nuestra(s)
53%
suyo(s), suya(s)
53%
ellos
52%
su(s)
52%
suyo(s), suya(s)
52%
ellas
51%
su(s)
51%
le
50%
les
50%
les, los, las
50%
lo
50%
se
50%
se
50%
se
50%
su(s)
50%
su(s)
50%
suyo(s), suya(s)
50%
ustedes
50%
vosotros
50%
vosotras
49%
su(s)
48%
suyo(s), suya(s)
48%
vuestro(s), vuestra(s)
48%
se
46%
suyo(s), suya(s)
46%
suyo(s), suya(s)
46%
vuestro(s), vuestra(s)
46%
suyo(s), suya(s)
44%
os
43%
os
42%
os
42%
itello
34%
ello
30%

Score Distribution

Percentile by Number Answered

Percent of People with Each Score

Your Score History

You have not taken this quiz